000 00622nam a2200193Ia 4500
003 GCL
005 20240530110912.0
008 140319s9999 xx 000 0 ara d
040 _aGCL /
_cGCL
082 0 4 _b810.9
_2ع ع
100 1 _aغالى شكرى
245 1 0 _aالعنقاء الجديدة : صراع الاجيال فى الادب المعاصر /
_cغالى شكرى
260 _aالقاهرة :
_bالهيئة المصرية
_c1993
300 _a295 ص
490 _aوثائق ونصوص
_v0
650 0 4 _aالعصر الحديث
650 0 4 _aالادب العربى - مجموعات
942 _2ddc
_cBK
999 _c66334
_d66334